Selection with TOPSIS method among of EU candidate and Pre-accession countries

Analýza a multikriteriálne zhodnotenie kandidátov členských krajín metódou TOPSIS.

Salvato in:
Dettagli Bibliografici
Autore principale: Turan, Gökhan
Altri autori: Eker, Ípek, Pekár, Juraj, 1972-
Natura: Capitolo di libro
Lingua:inglese
Soggetti:
Tags: Aggiungi Tag
Nessun Tag, puoi essere il primo ad aggiungerne!!

MARC

LEADER 00000naa a2200000 4500
001 0127837
005 20240502072446.0
041 0 |a eng 
044 |a SK 
245 1 0 |a Selection with TOPSIS method among of EU candidate and Pre-accession countries  |c Gökhan Turan, Ípek Eker, Juraj Pekár 
520 |a Analýza a multikriteriálne zhodnotenie kandidátov členských krajín metódou TOPSIS. 
610 2 0 |a modely ekonometrické 
610 2 0 |a rozhodovanie viackriteriálne 
610 2 0 |a Európska únia 
610 2 0 |a metódy rozhodovania 
100 1 |a Turan, Gökhan 
700 1 |a Eker, Ípek 
700 1 |a Pekár, Juraj, 1972-